000 00327nam a2200121 i 4500
001 bg
245 0 _aPolska Odrodzona 1918-1939 :
_bpaństwo - społeczeństwo - kultura /
_cpod red. Jana Tomickiego.
260 _aWarszawa,
_c1988.
040 _cBPK
041 _apol
942 _cKS
008 s pl f |000 0 pol
999 _c28687
_d28687
856 _uhttp://koha.tu.koszalin.pl/cgi-bin/koha/opac-detail.pl?biblionumber=28687
_yKatalog online BPK